000 00728nam a2200205Ia 4500
003 GCL
005 20240530095656.0
008 140319s9999 xx 000 0 ara d
040 _aGCL /
_cGCL
082 0 4 _aط
_b810.909282
_bم ع
100 1 _aفاطمة المعدول
245 1 0 _aعبدالتواب يوسف ونصف قرن من الابداع فى ادب الطفل /
_cفاطمة المعدول
260 _aالقاهرة :
_bالمركز القومى لثقافة الطفل ،
_c2006
300 _a132 ص ؛
_c26 سم
650 0 4 _aادب الاطفال
650 0 4 _aكتب الاطفال
650 0 4 _aادب الاطفال - تاريخ ونقد
650 0 4 _aعبد التواب يوسف
942 _2ddc
_cBK
999 _c9434
_d9434